000 00925nam a2200265Ia 4500
001 15975
003 GE_BSU
008 181216s||||||||xx |||||||||||||| ||und||
020 _a5-525-00540-90
040 _cGE_BSU
080 _a821.353.1(092)
100 _aჯავახაძე, ვახტანგ
245 _aუცნობი
245 _bაპოლოგია გალაკტიონ ტაბიძისა
245 _cრედ.თ.ყალიჩავა. ჯ.ჭანტურია
260 _aთბილისი
260 _bნაკადული
260 _c1991
300 _a624გვ. ; 20სმ
653 _aაპოლოგია გალაკტიონ ტაბიძისა
653 _aტაბიძე გალაკტიონ;
653 _aუცნობი
653 _aქართველი მწერლები;
942 _cBK
999 _c49069
_d49069